MDQL
is popping MORE tags! Check the
thread
!
Quizzes
Events
Quiz Creation
Community
Videos
Private Events
Remove Ads
Sign In
Join for FREE
Feedback
Dark Mode
Quiz Categories
Sports
Geography
Music
Movies
Television
Just For Fun
Miscellaneous
History
Literature
Language
Science
Gaming
Entertainment
Religion
Holiday
For Kids
Quiz Lab
Recent
Popular Today
Quiz Kudos Today
Editor Picks
Curator Picks
Quizzes by...
Day
Popularity
Type
Ratings
Length
Year
Community
Subscriptions
Recent Discussions
Orange Saloon
Badges
Playlists
Quests
Create
Leaderboards
Showdown
Live 5
Trivia Bingo
Activity
Puzzle Library
Sporcle Events
Private Events
Virtual Trivia
Globe League
Become a Host
Pub Owners
SporcleCon
Opinionation
Our Games
Videos
Blog
Mobile Apps
Partnerships
Remove Ads and Go Orange
Feedback
Movies
Disney
Marvel Cinematic Universe
Movie Resume
Movie Titles
Oscar
Actor
Actress
Director
Pixar
Role
Movie Quotes
Movie Characters
Box Office
Nominee
Best Picture
Star Wars
James Bond
Horror Movies
Movies
Disney
Marvel Cinematic Universe
Movie Resume
Movie Titles
Oscar
Actor
Actress
Director
Pixar
Role
Movie Quotes
Movie Characters
Box Office
Nominee
Best Picture
Star Wars
James Bond
Horror Movies
Random Quiz
Search Sporcle
×
Quiz Lab
Quiz Lab
Movies
Novel
Type in answers that appear in a list
Type in answers that appear in a list
Classic
Best Score? Go Orange.
Based On The Novel By... Stats
Can you name the authors whose books were adapted to film?
By
AprilMaybe
10m
27 Questions
132 Plays
132 Plays
132 Plays
Comments
Comments
Give Quiz Kudos
Give Quiz Kudos
-
- Ratings
hide this ad
More Info
Replay
Link that replays current quiz
Next Quiz
Link to next quiz in quiz playlist
You Got
0%
They Got
Avg Score
47%
Avg Friend Score
Upgrade to see
Score Distribution
Jump to the score distribution portion of the page
Score
0/27
Timer
10:00
0
Plays Today
Adaptation
Based On The Novel By
% Correct
The Godfather
Mario Puzo
91.7%
Gone With The Wind
Margaret Mitchell
90.2%
Breakfast At Tiffany's
Truman Capote
88.6%
Doctor Zhivago
Boris Pasternak
75%
Chitty Chitty Bang Bang
Ian Fleming
67.4%
The Exorcist
William Peter Blatty
65.9%
Naked Lunch
William S Burroughs
63.6%
Rosemary's Baby
Ira Levin
56.8%
Fight Club
Chuck Palahniuk
55.3%
From Here To Eternity
James Jones
50%
Schindler's List
Thomas Keneally
47%
Dances With Wolves
Michael Blake
42.4%
Die Hard
Roderick Thorp
41.7%
The 39 Steps
John Buchan
41.7%
Adaptation
Based On The Novel By
% Correct
The Last Temptation Of Christ
Nikos Kazantzakis
38.6%
Shaft
Ernest Tidyman
37.9%
Who Framed Roger Rabbit?
Gary K Wolf
34.8%
Ordinary People
Judith Guest
34.1%
Requiem For a Dream
Hubert Selby
33.3%
Carlito's Way
Edwin Torres
31.8%
The Man Who Fell To Earth
Walter Tevis
31.1%
Full Metal Jacket
Gustav Hasford
31.1%
The Devil's Advocate
Andrew Neiderman
31.1%
Battle Royale
Koushun Takami
28.8%
Bullitt
Robert L Pike
28%
Touch Of Evil
Whit Masterson
26.5%
The Night Of The Hunter
Davis Grubb
20.5%
Quiz Playlist
Details
Report
Send in Message
Add To Playlist
More Info:
Name of adaptation does not always match name of original book.
Classic:
Type in answers that appear in a list
Quiz Source
Last Updated: Feb 16, 2017
Quiz Scoreboard
CHALLENGE
Sign Up to Join the Scoreboard
Show All
Scores
Hide
Comments
May contain spoilers
Recently Published
1-10 Letter E Words III
by El_Dandy
Language
2m
Street Fighter Characters
by Artimus82
Gaming
60s
College Basketball Coaching Resumes
by pancakes188
Sports
9m
More to Explore
Quiz From the Vault
Featured Blog Post
Where Did the Easter Bunny Come From?
hide this ad
You Might Also Like...
Tags
Author Quiz
Novel Quiz
Adaptation
Film Adaptations
Filmmaking
Writer
Today's Top Quizzes in Movies
Browse Movies
hide this ad
Today's Top Quizzes in Novel
Browse Novel
Top Contributed Quizzes in Movies
1
Pick 5 Posters: Directed by Spielberg
2
7-to-1: Pixar Characters
3
Hidden Star Wars Character II
4
Hidden Star Wars Character III
5
Pick 5 Posters: Lowest-Rated Spielberg
6
Sorting Actresses
7
Sorting Actors
8
Hidden Star Wars Character IV
9
Hidden Star Wars Character V
10
Pick 5 Posters: Directed by Scorsese
Explore More
Trending Topics
Marvel
Disney
Anime
Harry Potter
Crossword
Kpop
NBA
Song
Country
NFL
Soccer
WWE
The Office
Puzzle
Pokémon
hide this ad
More By:
AprilMaybe
Quiz
Plays
Rating
Category
Featured
Created
300 Most Published DC Characters
1,301
2.33
Entertainment
Sep 2, 2015
Every QB Who's Beaten Tom Brady
391
4.50
Sports
Oct 27, 2022
Based On The Novel By...
132
3.00
Movies
Aug 10, 2012
Highest-Grossing Films Based On Novels or Short Stories
95
4.00
Movies
Oct 26, 2022
Metacritic's Top 100 Highest Rated Films 2018
51
Movies
Jun 13, 2019
Go to Creator's Profile
Score Distribution
Quiz Creator Spotlight
AprilMaybe
Follow
Send a Message
Quizzes Created
-
Created Quiz Play Count
-
More By This Creator
Popular Quizzes Today
1
Find the US States - No Outlines Minefield
2
Find the Countries of Europe - No Outlines Minefield
3
The Countries of the World
4
Find the US States
5
Risky Map Clicking: Biggest States A-Z
6
US States
7
Popular People in 1961
8
Movies - When Are They Set?
More Movies Quizzes
Movie Narrators
Editor's Pick
Trending Quizzes
Risky Map Clicking: Least Populous States A-Z
1-10 Letter G Words
1-10 Letter F Words
Countries of the World: 200 Million BC
Risky Map Clicking: Next State Alphabetically
Recently Updated
Beyoncé Albums
pecheneg
Leaping Animals
pecheneg
Reality TV Shows (A-Z)
bhenderson79
Rickey Henderson's Hall of Fame Teammates
pecheneg
Champions League XIs: Arsenal
pecheneg
Quick Pick: Celebrities in WWE's Hall of Fame
aduchscher
A-Z Keypad Blitz II
pecheneg
Multiple Oscar Actors
pecheneg
Mystery Phrase Blitz: Oscar 'Best Actors'
pecheneg
F. Scott Fitzgerald Novels
LTH
Trending Topics
Harry Potter
Crossword
NBA
Marvel
Kpop
Disney
Anime
Soccer
NFL
Country
Puzzle
Song
WWE
Pokémon
The Office
Your Account Isn't Verified!
In order to create a playlist on Sporcle, you need to verify the email address you used during registration. Go to your
Sporcle Settings
to finish the process.
Report this User
Report this user for behavior that violates our
Community Guidelines
.
Details:
Send Report
Go to the Sporcle.com Mobile Site →
Comments